Statistiques concernant Générateur de puzzle - Histoire

Cliquez ici pour prendre le quiz!

Statistiques générales

  • Ce quiz a été pris 1 018 fois
  • Le résultat moyen est 7 sur 21

Statistiques - réponses

HintRéponses% Correct
Pierre, Judas ou JeanApôtre
88%
Seconde Première Ministre françaiseElisabeth {Borne}
78%
Lyautey la fit capitale du MarocRabat
54%
Louis XIII ou Anne d'Autriche pour Louis XIVParent
50%
Matériau qui servit à la reconstruction du Havre après 1945Béton
43%
Jardinier de Louis XIV, associé à VersaillesAndré Le {Nôtre}
42%
Groupe ethnique de Nasser et ArafatArabe
42%
Département de naissance de Jean JaurèsTarn
36%
Auteure des Hauts de HurleventEmily {Brontë}
35%
Actuel Premier Ministre hongroisViktor {Orbán}
31%
On le parle dans le Vanetais et le TrégorBreton
27%
Sainte-Geneviève ou Saint-Denis pour ParisPatron
24%
Déesse celte du cheval, prête son nom à la monture de LinkEpona
23%
Psychologiquement, "tous les tyrans sont des modèles de grands ..."{Parano}ïaques
18%
Bonaparte
17%
Il "n'est pas un fauteuil vide" pour GuizotTrône
14%
Bienveillance active critiquée par NietzcheBonté
12%
Nabucco pour l'indépendance italienne par exempleOpéra
10%
Frère aîné de MoïseAaron
7%
Département français 92 de 1848 à 1962Oran
5%
Si sanguinaire, surnom de Nikolaï IejovNabot
1%

Distribution des résultats

Percentile par nombre de réponses

% des personnes avec chaque résultat

Votre développement - résultats

Vous n’avez pas pris ce quiz